El peronismo y las luchas antimperialistas en la Argentina /
Gespeichert in:
| 1. Verfasser: | |
|---|---|
| Format: | Text |
| Schlagworte: | |
| Tags: |
Tag hinzufügen
Keine Tags, Fügen Sie den ersten Tag hinzu!
|
MARC
| LEADER | 00000 a a2200000 04500 | ||
|---|---|---|---|
| 001 | 48919 | ||
| 003 | |||
| 040 | |||
| 100 | |a Borón, Atilio | ||
| 245 | |a El peronismo y las luchas antimperialistas en la Argentina / |c Atilio Borón | ||
| 650 | |a IMPERIALISMO | ||
| 650 | |2 Macrothesaurus de la OCDE | ||
| 650 | |a NACIONALISMO | ||
| 650 | |2 Macrothesaurus de la OCDE | ||
| 650 | |a POPULISMO | ||
| 650 | |2 Macrothesaurus de la OCDE | ||
| 650 | |a CONFLICTOS POLITICOS | ||
| 650 | |2 Macrothesaurus de la OCDE/ | ||
| 773 | |g páginas 125-140 | ||
| 999 | |c 27324 |d 27324 | ||
